Diseño de un sistema de riego por aspersión y gravedad para un campo de golf
Uloženo v:
| Hlavní autor: | |
|---|---|
| Médium: | Kniha |
| Vydáno: |
San José, [C.R.]
2004
|
| Témata: | |
| Tagy: |
Přidat tag
Žádné tagy, Buďte první, kdo vytvoří štítek k tomuto záznamu!
|
MARC
| LEADER | 00000nam a2200000Ia 4500 | ||
|---|---|---|---|
| 003 | 009390 | ||
| 005 | 20221231144136.0 | ||
| 008 | 140114s2004 cr a m 000 ||s d | ||
| 040 | |c cru CEDI | ||
| 090 | |a TFG 4929 | ||
| 100 | |a Benach Sánchez, Fernando |9 6343 | ||
| 245 | |a Diseño de un sistema de riego por aspersión y gravedad para un campo de golf | ||
| 260 | |c 2004 |a San José, [C.R.] | ||
| 300 | |a x, 70 hojas : ilustraciones a color | ||
| 500 | |a Proyecto de graduación (licenciatura en ingeniería agrícola)--Universidad de Costa Rica. Facultad de Ingeniería. Escuela de Ingeniería Agrícola | ||
| 650 | |x RIEGO POR ASPERSION |x METODOLOGIA |x CAMPOS DE GOLF |x ASPERSORES |9 6344 | ||
| 942 | |c TFG | ||
| 999 | |c 17490 |d 17490 | ||
